Interpolation and approximation by rational functions in the complex domain /
Guardado en:
| Autor Principal: | |
|---|---|
| Formato: | Libro |
| Idioma: | English |
| Publicado: |
New York :
American Mathematical Society,
1960.
|
| Edición: | 3rd ed. |
| Series: | American Mathematical Society Colloquium publications ;
v. 20 |
| Etiquetas: |
Agregar Etiqueta
Sin Etiquetas, Sea el primero en etiquetar este registro!
|
| LEADER | 00612nam a22001695a 4500 | ||
|---|---|---|---|
| 001 | MAT.inmabb000828 | ||
| 008 | 031119s1960####nyu###########001#0#eng#d | ||
| 005 | 20170804163424.0 | ||
| 245 | 1 | 0 | |a Interpolation and approximation by rational functions in the complex domain / |c by J. L. Walsh. |
| 250 | |a 3rd ed. | ||
| 260 | |a New York : |b American Mathematical Society, |c 1960. | ||
| 300 | |a x, 398 p. | ||
| 440 | 0 | |a American Mathematical Society Colloquium publications ; |v v. 20 | |
| 510 | 4 | |a MR, |c 36 #1672a | |
| 100 | 1 | |a Walsh, J. L. |q (Joseph Leonard), |d 1895- | |
| 084 | |a 30-XX |2 msc2000 | ||
| 859 | |h 30 |i W223i-3 |p A-638 |b BIB. MATEMATICA | ||
